000 00424nam a2200169Ia 4500
008 131103s9999 xx 000 0 und d
040 _aLoreto College
041 _aEnglish
082 _aREF
_bLCBED/12851
100 _aRogers, Don E.
245 _aEngines progress and power
_cDon E. Rogers
260 _aU.S.A.
_bWhitman
_c1962
300 _a60p.
_b ill.
_c 21cm.
650 _aREF
850 _aLCBED/REF
942 _cBK
999 _c33628
_d84107